Normal view MARC view
  • Usha Kosar Sardar

Entry Personal Name

Number of records used in: 4

001 - CONTROL NUMBER

  • control field: 9800

003 - CONTROL NUMBER IDENTIFIER

  • control field: NUST

005 - DATE AND TIME OF LATEST TRANSACTION

  • control field: 20180124154715.0

008 - FIXED-LENGTH DATA ELEMENTS

  • fixed length control field: 180124|| aca||aabn | a|a d

040 ## - CATALOGING SOURCE

  • Original cataloging agency: NUST
  • Transcribing agency: NUST

100 ## - HEADING--PERSONAL NAME

  • Personal name: Usha Kosar Sardar

670 ## - SOURCE DATA FOUND

  • Source citation: Work cat.: (NUST)325341: Usha Kosar Sardar, Afsoos e Jaan 1, 2012
© 2023 Central Library, National University of Sciences and Technology. All Rights Reserved.